Loading...
Science - Chemistry | 0 | 12 | 2 | 2 | 110 | 79 | 105.58 | 2 | 3 |
History - Other History | 0 | 9 | 2 | 1 | 80 | 62 | 94.78 | 2 | 5 |
Science - Other Science | 0 | 7 | 0 | 2 | 70 | 97 | 117.29 | 0 | 0 |
Science - Physics | 0 | 5 | 1 | 1 | 45 | 105 | 119.40 | 0 | 0 |
Science - Biology | 0 | 6 | 4 | 1 | 40 | 50 | 90.83 | 0 | 3 |
Religion | 0 | 4 | 1 | 1 | 35 | 90 | 116.50 | 0 | 0 |
History - World History | 0 | 5 | 4 | 0 | 30 | 51 | 88.80 | 1 | 3 |
Geography | 0 | 3 | 0 | 0 | 30 | 75 | 108.33 | 0 | 0 |
History - European History | 0 | 5 | 5 | 1 | 25 | 47 | 100.20 | 0 | 1 |
Other Academic | 0 | 2 | 0 | 1 | 20 | 108 | 130.00 | 0 | 0 |
Fine Arts - Painting & Sculpture | 0 | 2 | 0 | 1 | 20 | 93 | 133.00 | 0 | 0 |
Current Events | 0 | 1 | 0 | 0 | 10 | 110 | 110.00 | 0 | 0 |
Fine Arts - Classical Music | 0 | 1 | 0 | 0 | 10 | 83 | 83.00 | 0 | 0 |
Fine Arts - Other Fine Arts | 0 | 1 | 0 | 0 | 10 | 115 | 115.00 | 0 | 0 |
Literature - American Literature | 0 | 1 | 0 | 0 | 10 | 136 | 136.00 | 0 | 0 |
Literature - World Literature | 0 | 1 | 0 | 0 | 10 | 137 | 137.00 | 0 | 0 |
Mythology | 0 | 2 | 2 | 1 | 10 | 89 | 124.50 | 0 | 0 |
Social Science | 0 | 1 | 0 | 0 | 10 | 112 | 112.00 | 0 | 0 |
History - American History | 0 | 1 | 3 | 0 | -5 | 118 | 118.00 | 0 | 0 |
Literature - British Literature | 0 | 0 | 1 | 0 | -5 | 0.00 | 0 | 0 |